Statistics for Football Players by Picture #7 - Germany

Click here to take the quiz!

General Stats

  • This quiz has been taken 3,499 times
  • The average score is 12 of 16

Answer Stats

Answer% Correct
Gerd Müller
97%
Mesut Özil
97%
Thomas Müller
97%
Manuel Neuer
95%
Toni Kroos
95%
Miroslav Klose
86%
Philipp Lahm
83%
Bastian Schweinsteiger
79%
Mats Hummels
74%
Michael Ballack
73%
Oliver Kahn
72%
Lukas Podolski
64%
Lothar Matthäus
58%
Franz Beckenbauer
52%
Jürgen Klinsmann
40%
Karl-Heinz Rummenigge
30%

Score Distribution

Percentile by Number Answered

Percent of People with Each Score

Your Score History

You have not taken this quiz